Statistiques concernant Pays avec des familles royales

Cliquez ici pour prendre le quiz!

Statistiques générales

  • Ce quiz a été pris 285 fois
    (245 depuis la dernière actualisation)
  • Le résultat moyen est 15 sur 28

Statistiques - réponses

ContinentPays% Correct
L'EuropeRoyaume-Uni
98%
L'EuropeEspagne
95%
L'EuropeSuède
88%
L'EuropeBelgique
85%
L'EuropeNorvège
84%
L'EuropeDanemark
83%
L'EuropeMonaco
78%
L'EuropePays-Bas
73%
L'EuropeLuxembourg
69%
AsieJapon
68%
AfriqueMaroc
58%
AsieThaïlande
56%
AsieArabie Saoudite
52%
L'EuropeLiechtenstein
52%
AsieJordan
47%
AsieQatar
46%
AsieEmirats Arabes Unis
41%
AsieBhoutan
40%
AsieBahreïn
38%
AsieBrunéi
38%
AsieCambodge
38%
AsieOman
33%
AsieKoweit
32%
AfriqueEswatini
29%
AsieMalaisie
29%
AfriqueLesotho
27%
OcéanieTonga
22%
L'EuropeFrance (Wallis et Futuna)
0%

Distribution des résultats

Percentile par nombre de réponses

% des personnes avec chaque résultat

Votre développement - résultats

Vous n’avez pas pris ce quiz depuis la dernière actualisation